000
00338nam a22001457a 4500
003
OSt
008
240131b |||||||| |||| 00| 0 eng d
020
_a
9780143130994
100
_a
TAITZ,Jennifer L
245
_a
How to be Single and Happy
250
_a
1st Ed
260
_a
New York
_b
Penguin
_c
2018
300
_a
239
942
_2
ddc
_c
REF
999
_c
12214
_d
12214